| 000 | 00632nam a22001817a 4500 | ||
|---|---|---|---|
| 999 |
_c187079 _d187079 |
||
| 005 | 20220330152452.0 | ||
| 010 | _aENG-132171 | ||
| 020 |
_a9789391370114 _c595.00 |
||
| 035 | _aEN-115703 | ||
| 037 | _bDBAD/PUB | ||
| 082 | _a305.560954 | ||
| 100 | _aHasnain, Nadeem | ||
| 245 |
_aSociology of Marginalized Communities and Weaker Sections In India/ _cNadeem Hasnain |
||
| 260 |
_aNew Delhi _bSage Publication India Pvt Ltd _c2021 |
||
| 270 |
_aB-I/I-I, Mohan Cooperative Industrial Area, Mathura Road _bNew Delhi _e110044 |
||
| 300 |
_axviii, 275p _bBibliography _c24cm(pbk) |
||
| 942 |
_2ddc _cEN _mHAS _h305.560954 |
||